Gendered Violence : Jewish Women in the Pogroms of 1917 To 1921.

This is the first book to recognize and address the problem of mass rape of Jewish women during the pogroms in Ukraine during the Civil War (1917-1921).

Bibliographic Details
Main Author: Astashkevich, Irina.
Format: eBook
Language:English
Published: Boston, MA : Academic Studies Press, 2018.
Edition:1st ed.
Series:Jews of Russia and Eastern Europe and Their Legacy Series
Subjects:
Online Access:Click to View
LEADER 01765nam a22003973i 4500
001 EBC6527604
003 MiAaPQ
005 20231204023215.0
006 m o d |
007 cr cnu||||||||
008 231204s2018 xx o ||||0 eng d
020 |a 9781618119070  |q (electronic bk.) 
020 |z 9781618116161 
035 |a (MiAaPQ)EBC6527604 
035 |a (Au-PeEL)EBL6527604 
035 |a (OCoLC)1059464995 
040 |a MiAaPQ  |b eng  |e rda  |e pn  |c MiAaPQ  |d MiAaPQ 
082 0 |a 362.88082 
100 1 |a Astashkevich, Irina. 
245 1 0 |a Gendered Violence :  |b Jewish Women in the Pogroms of 1917 To 1921. 
250 |a 1st ed. 
264 1 |a Boston, MA :  |b Academic Studies Press,  |c 2018. 
264 4 |c Ã2018. 
300 |a 1 online resource (170 pages) 
336 |a text  |b txt  |2 rdacontent 
337 |a computer  |b c  |2 rdamedia 
338 |a online resource  |b cr  |2 rdacarrier 
490 1 |a Jews of Russia and Eastern Europe and Their Legacy Series 
520 |a This is the first book to recognize and address the problem of mass rape of Jewish women during the pogroms in Ukraine during the Civil War (1917-1921). 
588 |a Description based on publisher supplied metadata and other sources. 
590 |a Electronic reproduction. Ann Arbor, Michigan : ProQuest Ebook Central, 2023. Available via World Wide Web. Access may be limited to ProQuest Ebook Central affiliated libraries.  
655 4 |a Electronic books. 
776 0 8 |i Print version:  |a Astashkevich, Irina  |t Gendered Violence  |d Boston, MA : Academic Studies Press,c2018  |z 9781618116161 
797 2 |a ProQuest (Firm) 
830 0 |a Jews of Russia and Eastern Europe and Their Legacy Series 
856 4 0 |u https://ebookcentral.proquest.com/lib/matrademy/detail.action?docID=6527604  |z Click to View